000 00268nam a22001217a 4500
040 _cSY
082 _a658
100 _aភួង វណ្ណៈ
245 _aManagement and leadership
260 _aAsia Euro university
_bភួង
_cNA
300 _a85p.
942 _cKB
999 _c8898
_d8898